Biggest Cities Closest to the Equator - Statistics

General Stats
  • This quiz has been taken 12 times
  • The average score is 12 of 16
Answer Stats
Population City Latitude % Correct
29.5 m Jakarta -6.2
100%
16.3 m Kinshasa -4.3
100%
12 m Lima -12.1
100%
9.55 m Kuala Lumpur 3.1
91%
6.9 m Nairobi -1.3
91%
8 m Singapore 1.4
91%
10.6 m Bogota 4.6
82%
6.65 m Dar es Salaam -6.8
82%
6.8 m Accra 5.6
73%
21.3 m Lagos 6.6
73%
9.65 m Luanda -8.8
73%
14.3 m Ho Chi Minh City 10.8
55%
5.95 m Surabaya -7.2
55%
7.05 m Abidjan 5.3
45%
7 m Bandung -6.9
45%
5.35 m Kano 12
36%
No matching quizzes found
Score Distribution
Percent of People with Each Score
Percentile by Number Answered
Your Score History
You have not taken this quiz